Moyen - Orient Chapitre 2 - Statistiques

Statistiques générales
  • Ce quiz a été pris 8 fois
  • Le résultat moyen est 7 sur 16
Statistiques - réponses
Évènements Date % Correct
Mort de Khomeiny 1989
100%
Création des Frères Musulmans par Hassan al-Banna 1928
86%
Bombardement des kurdes à l'arme chimique en Irak 1988
86%
Recensement libanais à la base du système confessionnel 1932
71%
L'Islam est inscrite dans la constitution égyptienne 1971
71%
Tutelle syrienne sur le Liban 1990
71%
Barzani entame une guérilla en Irak 1961
57%
Erdogan évince l'armée en Turquie 2003
57%
Episode du mont Ararat 1930
29%
Barzani contrôle 40000km carré en Irak 1975
29%
Répression contre la gauche en Iran 1980-1983
14%
Prise d'otages de la Grande Mosquée de La Mecque 20 novembre 1979
14%
L'Iran devient une république islamique Avril 1979
14%
Chérif Pacha publie les revendications kurdes 1919
0%
Accords de Taef, pour la fin de la guerre civile au Liban 22 octobre 1989
0%
Constitution iranienne Décembre 1979
0%
Aucun quiz correspondant
Distribution des résultats
% des personnes avec chaque résultat
Percentile par nombre de réponses
Votre historique - résultats
Vous n’avez pas pris ce quiz